Constructive Industrial Relations and labour laws (Record no. 2740)

MARC details
000 -LEADER
fixed length control field 00444nam a22001697a 4500
005 - DATE AND TIME OF LATEST TRANSACTION
control field 20180227162633.0
008 - FIXED-LENGTH DATA ELEMENTS--GENERAL INFORMATION
fixed length control field 160615b xxu||||| |||| 00| 0 eng d
020 ## - INTERNATIONAL STANDARD BOOK NUMBER
ISBN 81-7629-468-3
041 ## - LANGUAGE CODE
Language code of text/sound track or separate title eng
082 ## - DEWEY DECIMAL CLASSIFICATION NUMBER
Item number 7672
Classification number 331
100 ## - MAIN ENTRY--AUTHOR NAME
Personal name Bhatia, S.K.
245 ## - TITLE STATEMENT
Title Constructive Industrial Relations and labour laws
260 ## - PUBLICATION, DISTRIBUTION, ETC. (IMPRINT)
Place of publication New Delhi
Name of publisher Deep & Deep Pub. Pvt. Ltd,
Year of publication 2003
300 ## - PHYSICAL DESCRIPTION
Number of Pages 314
650 ## - SUBJECT ADDED ENTRY--TOPICAL TERM
Topical Term Management
942 ## - ADDED ENTRY ELEMENTS (KOHA)
Koha item type Books
Holdings
Lost status Damaged status Collection code Home library Current library Shelving location Date acquired Cost, normal purchase price Full call number Accession Number Koha item type
    MANAGEMENT JRU Library JRU Library SHELF-72-D 15/06/2016 300.00 331 7672 Books
    LAW JRU Library JRU Library SHELF-29-D 15/06/2016 300.00 331 7673 Books